| 000 | 00705nam a2200289Ia 4500 | ||
|---|---|---|---|
| 005 | 20250425162140.0 | ||
| 008 | 250425s9999 xx 000 0 und d | ||
| 020 | _a8445802879 | ||
| 041 | _aspa | ||
| 082 | _a641.1 | ||
| 100 | _aSERRA MAJEM, LLUIS | ||
| 245 | 0 | _aNUTRICIÓN Y SALUD PÚBLICA | |
| 250 | _a1A ED. | ||
| 260 | _aBARCELONA | ||
| 260 |
_aEspaña _bMASSON _c1995 |
||
| 300 | _a401 | ||
| 500 | _aCONSULTAR 39382 EN BIBTEC. | ||
| 650 | _aDIETA TERAPEUTICA | ||
| 650 | _aEPIDEMIOLOGIA | ||
| 650 | _aNUTRICION | ||
| 650 | _aNUTRIENTES | ||
| 650 | _aVALOR NUTRITIVO | ||
| 700 | _aARANCETA BARTRINA, JAVIER | ||
| 700 | _aMATAIX VERDU, JOSE | ||
| 942 | _c01 | ||
| 010 | _a52998 | ||
| 999 |
_c223304 _d223304 |
||